000 00473nam a2200181Ia 4500
005 20250326125759.0
008 250326s9999 xx 000 0 und d
037 _aTextbook
040 _aFMSL
_beng
_cFMSL
041 _aeng
_2eng
084 _aS:86 N5
_qFMSL
100 _aArgyris C
245 0 _aOrganisation & innovation
_cArgyris C
260 _aIllinois
_bIllinois, Irwin
_c1965
300 _a274p
942 _cTB
_hS:86 N5
999 _c1279544
_d1279544